Powiat rypiński - Statystyki

Ogólne statystyki
  • Ten quiz został rozwiązany 123 razy
  • Średni wynik to 4 z 6
Statystyki odpowiedzi
Miasto/Gmina Nazwa % Poprawnych
miasto Rypin
100%
gmina Rypin
100%
gmina Skrwilno
52%
gmina Rogowo
44%
gmina Brzuze
38%
gmina Wąpielsk
33%
Nie znaleziono quizów pasujących do podanych kryteriów
Rozkład punktacji
Procent ludzi z każdym wynikiem
Percentyl według liczby udzielonych odpowiedzi
Twoja historia wyników
Nie rozwiązałeś tego quizu